000 00442nam a2200181Ia 4500
001 7286
005 20260306160444.0
008 260306t2009||||xx |||||||||||||| ||spa||
041 _aESP
082 _a338.5
_bF81M 2009
100 _aFrank, Robert H.
_eAUT
245 0 _aMicroeconomía intermedia:
_banálisis económico y comportamiento
260 _c2009
300 _a
_c
650 _aGEN
654 _aCAN
942 _cLIB
_dJUS
_fJUS
_2ddc
_n
999 _c7286
_d7286